| 000 | 00455nam a22001217a 4500 | ||
|---|---|---|---|
| 008 | 230613b xxu||||| |||| 00| 0 eng d | ||
| 082 |
_a352.4908 _b100001587 |
||
| 245 | _aThe Report of The Controller and Auditor-General together with The Appropriation Accounts Other Public Accounts and the Accounts of the Funds for the Year 1993/1994 | ||
| 260 |
_aKenya _bGovernment of Kenya _c1994 |
||
| 300 | _a487 p | ||
| 710 | _bGovernment of Kenya | ||
| 942 |
_2ddc _cBK |
||
| 999 |
_c1139 _d1139 |
||